| Tag |
First Indicator |
Second Indicator |
Subfields |
| LEADER |
00000cam a2200000 a 4500 |
| 001 |
in00000445009 |
| 005 |
20151012074533.0 |
| 008 |
870507s1986 okua j 00000 eng d |
| 020 |
|
|
|a 0833225340 (Student text)
|
| 020 |
|
|
|a 0833229133 (Teacher's ed.)
|
| 035 |
|
|
|a (OCoLC)15645821
|
| 035 |
|
|
|9 ABX2364AM
|
| 040 |
|
|
|a TXA
|c TXA
|d UtOrBLW
|
| 049 |
|
|
|a [Curr Col] TXAM
|d [
|v = Text
|p = Suppl.]
|p 1 [A09661062]
|
| 090 |
|
|
|a PE1119
|b .S15 1986
|
| 245 |
0 |
0 |
|a Sea castles /
|c Louise Matteoni [and others].
|
| 264 |
|
1 |
|a Oklahoma City :
|b Economy Co.,
|c [1986]
|
| 264 |
|
4 |
|c ©1986
|
| 300 |
|
|
|a 80 pages :
|b color illustrations ;
|c 24 cm. +
|e teacher's ed. + teacher's resource notebook.
|
| 336 |
|
|
|a text
|b txt
|2 rdacontent
|
| 337 |
|
|
|a unmediated
|b n
|2 rdamedia
|
| 338 |
|
|
|a volume
|b nc
|2 rdacarrier
|
| 490 |
1 |
|
|a Economy reading series ;
|v level E
|
| 500 |
|
|
|a Grade PP3.
|
| 500 |
|
|
|a Teacher's resource notebook accompanies First light.
|
| 650 |
|
0 |
|a Readers (Primary)
|
| 700 |
1 |
|
|a Matteoni, Louise.
|
| 830 |
|
0 |
|a Economy reading series ;
|v level E.
|
| 999 |
|
|
|a MARS
|
| 999 |
f |
f |
|s a80d7f55-6fad-3a07-92ca-2416c8d0f3f4
|i d156672b-a38c-3fe8-a964-aa3b54bcfc79
|t 0
|
| 952 |
f |
f |
|p ric
|a Texas A&M University
|b Rellis Campus
|c Joint Library Facility
|s JLF
|d Remote Storage
|t 0
|e PE1119 .S15 1986
|h Library of Congress classification
|i unmediated -- volume
|k Suppl. 1
|m A14809661062
|
| 998 |
f |
f |
|a PE1119 .S15 1986
|s suppl.1
|t 0
|l Remote Storage
|